000 00725nam a22002417a 4500
005 20170124105946.0
010 _aA-806672
020 _c00.00
_a8170713418
035 _aA-806672
037 _bCen Lib/Ret
040 _aDPL
_bEN
082 _a279.331
_bSHA
100 _aShah, Sain Bulleh
_912435
245 _aThe mystic muse /
_cby Sain Billeh Shah; translated by Kartar Singh Duggal
260 _aNew Delhi
_bAbhinav Publication
_c1996
270 _aE-37 Hauz Khaz
_bNew Delhi
_e1100016
300 _a271p.
_c22cm(Hb)
500 _aIncludes index.
650 _aPanjabi poetry.
_912436
650 _aPanjabi
_912437
700 _aDuggal, Kartar Singh
_912438
942 _2ddc
_cEN
_h279.331
_mSHA
999 _c124931
_d124931